Russia and economic sanctions
Dopady hospodárskych sankcií uložených v roku 2014 na hospodárstvo Ruskej federácie z makroekonomického hľadiska. Záverom je, že uložené ekonomické sankcie EÚ mali negatívny vplyv na hospodárstvo Ruskej federácie - viedli k poklesu HDP na obyvateľa, k poklesu rastu HDP, investícií do energetického s...
Salvato in:
| Autore principale: | |
|---|---|
| Natura: | Capitolo di libro |
| Lingua: | inglese |
| Soggetti: | |
| Tags: |
Nessun Tag, puoi essere il primo ad aggiungerne!!
|
MARC
| LEADER | 00000naa$a2200000$$$4500 | ||
|---|---|---|---|
| 001 | 0249525 | ||
| 005 | 20240502074006.2 | ||
| 041 | 0 | |a eng | |
| 044 | |a SK | ||
| 245 | 1 | 0 | |a Russia and economic sanctions |c Martin Grešš |
| 520 | |a Dopady hospodárskych sankcií uložených v roku 2014 na hospodárstvo Ruskej federácie z makroekonomického hľadiska. Záverom je, že uložené ekonomické sankcie EÚ mali negatívny vplyv na hospodárstvo Ruskej federácie - viedli k poklesu HDP na obyvateľa, k poklesu rastu HDP, investícií do energetického sektora a k zvýšeniu inflácie. | ||
| 610 | 2 | 0 | |a sankcie |
| 610 | 2 | 0 | |a obchod medzinárodný |
| 610 | 2 | 0 | |a spolupráca hospodárska medzinárodná |
| 610 | 2 | 0 | |a Európska únia |
| 610 | 2 | 0 | |a Rusko |
| 100 | 1 | |a Grešš, Martin, 1978- | |